黑麋鹿如是说 (Record no. 67812)

000 -LEADER
fixed length control field 00566nam a22001937a 4500
003 - CONTROL NUMBER IDENTIFIER
control field MPLRDC
005 - DATE AND TIME OF LATEST TRANSACTION
control field 20220104202801.0
008 - FIXED-LENGTH DATA ELEMENTS--GENERAL INFORMATION
fixed length control field 210129b ||||| |||| 00| 0 eng d
020 ## - INTERNATIONAL STANDARD BOOK NUMBER
International Standard Book Number 957-0411-69-4
082 ## - DEWEY DECIMAL CLASSIFICATION NUMBER
Classification number 536.51 NEI
100 ## - MAIN ENTRY--PERSONAL NAME
Personal name 约翰·内哈特 JOHN G. NEIHARDT 记述; NICHOLAS BLACK ELK 口述
245 ## - TITLE STATEMENT
Title 黑麋鹿如是说
Statement of responsibility, etc. 宾静荪 译
250 ## - EDITION STATEMENT
Edition statement 初版一刷
260 ## - PUBLICATION, DISTRIBUTION, ETC.
Place of publication, distribution, etc. 台湾
Name of publisher, distributor, etc. 立绪文化事业有限公司
Date of publication, distribution, etc. 2003
300 ## - PHYSICAL DESCRIPTION
Other physical details
520 ## - SUMMARY, ETC.
Summary, etc. 新书上架 2018-06-16。
650 ## - SUBJECT ADDED ENTRY--TOPICAL TERM
Topical term or geographic name entry element 印第安族志
942 ## - ADDED ENTRY ELEMENTS (KOHA)
Koha item type Book
-- 536.51 NEI
Holdings
Withdrawn status Lost status Source of classification or shelving scheme Damaged status Not for loan Collection code Home library Current library Shelving location Date acquired Cost, normal purchase price Total Checkouts Full call number Barcode Date last seen Date last checked out Price effective from Koha item type Public note
            Malaysian Public Library, Research and Development Centre Malaysian Public Library, Research and Development Centre   14/01/2018 50.00   536.51 NEI 00061431 18/03/2021 25/11/2018 18/03/2021 Book mplrdc

© 2022. Malaysian Public Library, Research and Development Centre. All Right ReservedE-mailmplrdc@help.edu.my 

Powered by Koha